| 000 | 00746nam a22002057a 4500 | ||
|---|---|---|---|
| 999 |
_c64551 _d64551 |
||
| 005 | 20240530110737.0 | ||
| 008 | 180904s2007 ua a g b 000 0 ara d | ||
| 017 |
_a2006/1846 _bمصر. دار الكتب |
||
| 020 | _a9771433873 | ||
| 040 |
_aEG-CaGPL _cEG-CaGPL |
||
| 082 | 0 | 4 |
_221 _a214.291 \ _bم ل |
| 100 | 0 | _aمحمد سليم العوا | |
| 245 | 1 | 0 |
_aللدين والوطن : _bفصول فى علاقات المسلمين بغير المسلمين / _cمحمد سليم العوا |
| 250 | _aط.1 | ||
| 260 |
_aالقاهرة : _bنهضة مصر للطباعة والنشر والتوزيع، _c2007 . |
||
| 300 |
_a294 ص. ؛ _c24 سم. |
||
| 651 | _2qrmak | ||
| 942 |
_2ddc _cBK |
||